000 00412cam a22001217a 4500
008 180718b1966 xxu||||| |||| 00| 0 eng d
082 _aA81x54 In2/61/Vol 20/Pt 6-12
100 _aCensus of India 1961
245 _aHimachal Pradesh: a village survey of Kanum
260 _aDelhi
_bThe Manager of Publications
_c1966
300 _a119+p.
440 _aCensus of India 1961. Volume XX, Himachal Pradesh. Part VI-No.12
999 _c484165
_d484165